Gejmifikacija - igra kak motivacionnyj instrument obučenija

Možnosti využitia počítačových hier v učebnom procese. Hry ako motivačný nástroj.

Saved in:
Bibliographic Details
Main Author: Schmidt, Peter, 1968-
Format: Book Chapter
Language:Russian
Subjects:
Tags: Add Tag
No Tags, Be the first to tag this record!

MARC

LEADER 00000naa$a2200000$$$4500
001 0242878
005 20240502083651.5
041 0 |a rus 
044 |a RU 
245 1 0 |a Gejmifikacija - igra kak motivacionnyj instrument obučenija  |c P. Schmidt 
520 |a Možnosti využitia počítačových hier v učebnom procese. Hry ako motivačný nástroj. 
610 2 0 |a vzdelávanie 
610 2 0 |a vzdelávanie elektronické 
610 2 0 |a hry 
610 2 0 |a motivácia 
610 2 0 |a väzba spätná 
610 2 0 |a gamifikácia 
100 1 |a Schmidt, Peter, 1968-